Hacer para transformar: el método en la psicología comunitaria
Guardat en:
| Autor principal: | |
|---|---|
| Format: | Llibre |
| Idioma: | espanyol |
| Publicat: |
Buenos Aires
Paidós
2006
|
| Edició: | 1a. ed |
| Col·lecció: | Tramas Sociales
|
| Matèries: | |
| Etiquetes: |
Afegir etiqueta
Sense etiquetes, Sigues el primer a etiquetar aquest registre!
|
MARC
| LEADER | 00000nam a2200000 a 4500 | ||
|---|---|---|---|
| 001 | UCH2037 | ||
| 003 | CL-VaPUC | ||
| 008 | 090528e20060000AG |||||||||||||||||spa|d | ||
| 020 | |a 9501245357 | ||
| 082 | 0 | 4 | |a 361.8 |b MON |2 21 |
| 100 | |a Montero, Maritza |e autora |9 536668 | ||
| 245 | 1 | 0 | |a Hacer para transformar: el método en la psicología comunitaria |
| 250 | |a 1a. ed | ||
| 300 | |a 368 p | ||
| 942 | |c BK | ||
| 945 | |d 20090528 00:00:00 |a rbrito | ||
| 260 | |a Buenos Aires |b Paidós |c 2006 | ||
| 650 | 0 | |a Trabajo social |9 307856 | |
| 650 | 0 | |a Trabajo comunitario |9 337627 | |
| 650 | 0 | |a Psicología social |9 222894 | |
| 650 | 0 | |a Investigación social |9 307814 | |
| 583 | |a last modification |c 20090528 00:00:00 |k Rodrigo Vera | ||
| 490 | 0 | |a Tramas Sociales | |
| 999 | |c 333890 |d 333888 | ||
| 952 | |0 0 |1 0 |4 0 |6 361_800000000000000_MON_2006 |7 0 |8 A |9 422544 |a BIBEDU |b BIBEDU |d 2019-11-22 |i 4552253 |o 361.8 MON 2006 |p 4552253 |r 2019-11-22 |w 2019-11-22 |y BK |k PSI | ||